00343nam a2200145Ia 4500008004100000041000800041082001600049100001700065245002900082250001200111260003300123300000800156365001600164700001700180230718s9999 xx 000 0 und d aeng a621.38bCHI aChitode J.S. aCommunication System - I a2nd ed. c2001bTechnical Publications a630 cRs.b255.00 aChitode J.S.